El espíritu en el átomo: una discusión sobre los misterios de la física cuántica

Guardat en:
Dades bibliogràfiques
Autor principal: Davies, P. C. W (Autor)
Format: Llibre
Idioma:espanyol
Publicat: Madrid Alianza 1989
Col·lecció:El libro de bolsillo, 1421
Matèries:
Etiquetes: Afegir etiqueta
Sense etiquetes, Sigues el primer a etiquetar aquest registre!

MARC

LEADER 00000nam a2200000 a 4500
001 UCX2149
003 CL-VaPUC
008 910327e19890000SP |||||||||||||||||spa|d
082 0 4 |a 530.12  |b DAV  |2 21 
100 0 |a Davies, P. C. W  |e author  |9 317981 
245 1 3 |a El espíritu en el átomo: una discusión sobre los misterios de la física cuántica 
300 |a 215 p 
942 |c BK 
945 |d 19910327 00:00:00 
260 |a Madrid  |b Alianza  |c 1989 
650 0 |a Teoría cuántica  |9 266148 
583 |a last modification  |c 19910327 00:00:00  |k Rodrigo Vera 
490 0 |a El libro de bolsillo, 1421 
999 |c 223233  |d 223231 
952 |0 0  |1 0  |4 0  |6 530_120000000000000_DAV_1989  |7 0  |8 A  |9 218813  |a BIBCUR  |b BIBCUR  |d 2019-11-15  |i 2876256  |o 530.12 DAV 1989  |p 2876256  |r 2025-04-22  |w 2019-11-15  |y BK  |k FIS